000 00664cgm a2200229 4500
001 E1208
008 1991
035 _a(Sirsi) u31439
041 _aeng
110 _aRoyal Institution of Chartered Surveyors
_94900
245 _aMaking land, property and construction work
_ba career in chartered surveying
_h[video recording]
260 _aLondon
_bRICS
_c1991
300 _a1 videocassette (VHS) (? min.) : sd.
350 _a0
520 _aRICS careers video.
650 _aCAREERS GUIDANCE
650 _aCHARTERED SURVEYOR
650 _aVIDEOS
690 _aEDUCATION-CAREERS
942 _n0
948 _c04/03/1997
999 _c85200
_d85200